Statistiques concernant Les personnages #2 The Walking Dead (Saison 1 à 7)

Cliquez ici pour prendre le quiz!

Statistiques générales

  • Ce quiz a été pris 634 fois
    (555 depuis la dernière actualisation)
  • Le résultat moyen est 14 sur 18

Statistiques - réponses

DescriptionPersonnage% Correct
Personnage principal (Vivant)Rick
99%
Jeune homme asiatique qui s'est fait arraché la tête par une jolie petite batte qui s'app... pas besoin d'aller plus loin :)Glenn
97%
Il s'est fait voler sa bécane et son arbalèteDaryl
96%
Femme maniant le sabre (Vivante)Michonne
96%
Adolescent, fils du personnage principal (Vivant)Carl
95%
Homme étant amie avec une prénommée LucilleNegan
95%
Jeune femme veuve et enceinte (Vivante)Maggie
92%
Femme veuve et très courageuse (Vivante)Carol
89%
Shérif décédé durant la saison 2Shane
89%
Femme décédée durant la saison 3Lori
84%
Homme disant être un scientifique (Vivant)Eugène
81%
Fermier décédé durant la saison 4Hershel
81%
Femme décédée durant la saison 3Andrea
76%
Il n'aurait tellement pas dû lui tenir tête... Maintenant, il en a plus :pAbraham
72%
Homme s'étant promis de ne plus tuer. (Vivant)Morgan
72%
Il n'est pas très ami avec le personnage précédent...Dwight
54%
Chef décédé durant la saison 4Le Gouverneur
49%
Femme décédée durant la saison 6Deanna
23%

Distribution des résultats

Percentile par nombre de réponses

% des personnes avec chaque résultat

Votre développement - résultats

Vous n’avez pas pris ce quiz depuis la dernière actualisation